Introduction to Fourier optics /

שמור ב:
מידע ביבליוגרפי
מחבר ראשי: Goodman, Joseph W.
פורמט: ספר
שפה:English
יצא לאור: New York : McGraw-Hill, 1996.
מהדורה:2nd ed.
נושאים:
תגים: הוספת תג
אין תגיות, היה/י הראשונ/ה לתייג את הרשומה!
Thư viện lưu trữ: Mạng thư viện Đại học Đà Nẵng
LEADER 00819cam a2200325 i 4500
001 000046134
003 5406
005 20030319083945.0
008 010220|1996 vm 000 eng
020 |a 0070242542 
040 |a IRC  |c IRC  |d IRC 
041 0 |a eng 
082 1 4 |a 621.36015152433  |b GO-J 
100 1 |a Goodman, Joseph W. 
245 0 0 |a Introduction to Fourier optics /  |c Joseph W. Goodman. 
250 |a 2nd ed. 
260 |a New York :  |b McGraw-Hill,  |c 1996. 
300 |a xviii, 441p. :  |b ill. 
630 0 4 |a Fourier optics. 
650 0 4 |a Fourier transform optics. 
OWN |a DUT 
999 |a From the UDN01 
TYP |a Monograph 
TYP |a Printed language 
980 |a Mạng thư viện Đại học Đà Nẵng